| 000 | 01107nam a2200265 a 4500 | ||
|---|---|---|---|
| 001 | 39202 | ||
| 003 | BD-RjUL | ||
| 005 | 20211209052936.0 | ||
| 008 | 160405r20112008bg ||||e |||| 00| 0 ben d | ||
| 020 |
_a9789848088111 _c: Tk. 120.00 |
||
| 035 | _a(BD-RjUL)39314 | ||
| 040 |
_aBD-RjUL _bben _cBD-RjUL |
||
| 041 | _aben | ||
| 082 |
_223 _a833.912 _bHES 2011 |
||
| 100 |
_aহেস, হারমান _9120898 |
||
| 245 |
_aসিদ্ধার্থ / _cহারমান হেস; অনুবাদঃ চুনিলাল মুখোপাধ্যায় |
||
| 260 |
_aঢাকা : _bসন্দেশ, _c২০০৮ [মুদ্রণ ২০১১] |
||
| 300 |
_a৯৬ পৃ. ; _c২২ সেমি. |
||
| 650 |
_aগৌতম বুদ্ধ _9120899 |
||
| 650 |
_aজার্মান উপন্যাস (বাংলা অনুবাদ) _9120900 |
||
| 650 |
_aGautama Buddha _9120901 |
||
| 650 |
_aGerman Fiction (Bengali Translation) _9120902 |
||
| 700 |
_aমুখোপাধ্যায়, চুনিলাল, অনুবাদ _9120903 |
||
| 942 |
_2ddc _cBK _03 |
||
| 999 |
_c39202 _d39202 |
||